Statistiques concernant Fruits en portugais

Cliquez ici pour prendre le quiz!

Statistiques générales

  • Ce quiz a été pris 102 fois
  • Le résultat moyen est 11 sur 24

Statistiques - réponses

HintRéponse% Correct
Pommemaçã
90%
BananeBanana
85%
LimeLima
83%
OrangeLaranja
82%
CitronLimão
75%
PoirePera
73%
FraiseMorango
72%
MelonMelão
68%
Kiwikiwi
65%
TomateTomate
63%
RaisinUva
57%
MangueManga
52%
FramboiseFramboesa
47%
AnanasAbacaxi
37%
Melon d’eauMelancia
30%
ClementineClementina
20%
AvocatAdvogado
13%
MûreAmora
13%
PruneAmeixa
10%
PamplemousseToranja
7%
abricotdamasco
5%
Bleuetmirtilo
3%
CantaloupCantalupo
0%
PêchePecado
0%

Distribution des résultats

Percentile par nombre de réponses

% des personnes avec chaque résultat

Votre développement - résultats

Vous n’avez pas pris ce quiz